004690000a2200169000450000500170000094200090001710000160002624500230004225000090006526000520007430000140012604000080014036500090014865000370015799900190019495200860021320120302065254.0 cBOOK a Jain, L.C. a Basic Mathematics a 1st aJaipur:Rajasthan Prakrit Bharati Sansthan, 1982 a60p..-ill aEng b15/- aExact Sciences from Jain Sources c364346d364343 00104070aIOSbIOSd2009-12-02l0pIOS-E 25401r2009-12-02 00:00:00w2009-12-02